000 00887nam a2200253 a 4500
999 _c11149
_d11149
001 11149
003 BD-JhCC
005 20220807134021.0
008 190603b20052015bg |||| ||a| 000 0 ben d
020 _a9789841107376
035 _a(BD-JhCC)11149
040 _aBD-JhCC
_dBD-JhCC
041 _aben
082 _bKHA 2015
_a891.4435
100 _aখাঁ, প্রিন্সিপাল ইবরাহীম
245 _aরূপকথার গল্প সমগ্র /
_cসম্পাদিত: ড.আশরাফ সিদ্দিকী ।
260 _aঢাকা:
_bআহমদ পাবলিশিং হাউজ;
_c২০১৫.
300 _a৩২৪ পৃঃ . :
_bill;
_c২৬ সেমি.
650 _aMayt Story
650 _aFable Story
700 _aসিদ্দিকী, ড.আশরাফ
942 _2ddc
_cBK
_01